00741nam a2200205 i 4500001000300000100002000003245015400023260005000177300004400227504002400271650002000295700001500315700002000330020001500350040000800365041000800373080001500381008004100396856009800437bg1 aGUPTA, Madan M.10aStatic and dynamic neural networks :bfrom fundamentals to advanced theory /cMadan M. Gupta, Liang Jin, Noriyasu Homma ; foreword by Lotfi A. Zadeh. aHoboken :bIEEE :bWiley-Interscience,c2003. aXXVIII, 722 s. :brys., wykr. ;c24 cm. aBibliogr. - Indeks. 9aSieci neuronowe1 aJIN, Liang1 aHOMMA, Noriyasu a0471219487 cBPK0 aeng a004.032.26 s pl f |000 0 pol  uhttp://koha.tu.koszalin.pl/cgi-bin/koha/opac-detail.pl?biblionumber=53306yKatalog online BPK